000
00269nam a2200109Ia 4500
008
190216s9999||||xx |||||||||||||| ||und||
100
_a
Narayan R K
245
4
_a
The Eanglish Teacher
260
_b
"Indian Thought Publications,Mysore"
650
_a
English
942
_c
BK
999
_c
12387
_d
12387